Music Quiz

Random Music Quiz

Glastonbury Festival Headliners Quiz Stats

 Plays Quiz not verified by Sporcle

Challenge
Share
Tweet
Embed
Score 0/60 Timer 05:00
3 Plays Today
Year Answer % Correct
2004Oasis
86.8%
2011Coldplay
85.4%
2005Coldplay
85.4%
2002Coldplay
85.4%
2009Blur
85.1%
1998Blur
85.1%
2015Kanye West
80.2%
2008Jay-Z
79.8%
2013Rolling Stones
79%
2010Muse
78%
2004Muse
78%
2015Foo Fighters
77.8%
2011Beyonce
77.1%
2015The Who
75.9%
2007The Who
75.9%
2003Radiohead
75.6%
1997Radiohead
75.6%
1995Radiohead
75.6%
2013Arctic Monkeys
74.1%
2007Arctic Monkeys
74.1%
2011U2
72.7%
2014Metallica
71.7%
1998Pulp
66.3%
1995Pulp
66.3%
2004Paul McCartney
63.7%
2000David Bowie
62.2%
2014Arcade Fire
61.7%
2014Kasabian
61.5%
2013Mumford & Sons
61.5%
2007The Killers
60%
Year Answer % Correct
2010Gorillaz
59.5%
2008Kings of Leon
59.3%
2010Stevie Wonder
52.9%
2003R.E.M
51.5%
1999R.E.M
51.5%
2009Neil Young
49.8%
2000Travis
49.3%
2000Chemical Brothers
48.5%
2008The Verve
47.1%
2002Stereophonics
46.8%
1997The Prodigy
44.9%
2005The White Stripes
44.1%
1999Manic Street Preachers
41%
2005Basement Jaxx
40.7%
1995The Cure
38.8%
2002Rod Stewart
37.6%
2003Moby
37.3%
2009Bruce Springsteen & The E-Street Band
35.1%
1993Red Hot Chilli Peppers
30.5%
1998Primal Scream
28.5%
1997Ash
28%
1999Skunk Anansie
24.9%
1994Paul Weller
22%
1994The Levellers
21.2%
1994Peter Gabriel
20.7%
1993The Black Crowes
18.3%
1992Shakespear's Sister
16.8%
1992Carter USM
15.6%
1993Christy Moore
12.9%
1992Youssou N'Dour
12%

You're not logged in!

Compare scores with friends on all Sporcle quizzes.
OR
Log In

You Might Also Like...

Show Comments

Extras

Top Quizzes Today


Score Distribution

Your Account Isn't Verified!

In order to create a playlist on Sporcle, you need to verify the email address you used during registration. Go to your Sporcle Settings to finish the process.

Report this User

Report this user for behavior that violates our Community Guidelines.

Details: